Statistics for Northern Attitude by Noah Kahan - Lyrics Quiz

Click here to take the quiz!

General Stats

  • This quiz has been taken 250 times
  • The average score is 155 of 185

Answer Stats

Answer% Correct
i
99%
a
98%
cold
98%
in
98%
out
98%
you?
98%
you
98%
attitude
97%
northern
97%
the
97%
raised
96%
was
96%
my
95%
to
95%
oh
93%
and
92%
forgive
92%
how
92%
don't
91%
on
91%
if
90%
little
90%
not
90%
sun
90%
i'm
89%
too
88%
where
88%
your
88%
are
85%
close
85%
get
85%
hoped
85%
light
85%
been?
83%
now?
83%
summertime
82%
rise
81%
breathing
80%
kids
80%
kids?
80%
settle
80%
'til
80%
they
79%
wife
79%
it
77%
lose
77%
what
77%
down?
76%
down
76%
life
76%
build
72%
boat
71%
does
71%
mean?
71%
routine
70%
settled
69%
friends
67%
feeling
64%
right?
63%
proud?
61%
you're
61%
lost
60%
how're
58%
getting
57%
some
55%
shit
54%
live
53%
then
53%
all
52%
die
52%
rocks
52%
bought
51%
kicking
51%
high
50%
scared
50%
stoned
48%
search
47%
late
46%
alone
44%
online
43%

Score Distribution

Percentile by Number Answered

Percent of People with Each Score

Your Score History

You have not taken this quiz